University Home | Library Home | Institutional Repository

We Japanese : (Record no. 190144)

MARC details
000 -LEADER
fixed length control field 01378cam6a220031301 4500
001 - CONTROL NUMBER
control field qce00835426
005 - DATE AND TIME OF LATEST TRANSACTION
control field 20190830111542.0
008 - FIXED-LENGTH DATA ELEMENTS--GENERAL INFORMATION
fixed length control field 730314s1950 ja ac 000 0 eng
010 ## - LIBRARY OF CONGRESS CONTROL NUMBER
LC control number 60019304
035 ## - SYSTEM CONTROL NUMBER
System control number (Sirsi) r70316
035 ## - SYSTEM CONTROL NUMBER
System control number (QCAT)lss00399527
035 ## - SYSTEM CONTROL NUMBER
System control number (UPRA)qce00835426
040 ## - CATALOGING SOURCE
Modifying agency UPRA
043 ## - GEOGRAPHIC AREA CODE
Geographic area code a-ja---
050 0# - LIBRARY OF CONGRESS CALL NUMBER
Classification number DS821
Item number .Y27 1950
082 ## - DEWEY DECIMAL CLASSIFICATION NUMBER
Classification number 915.2
100 1# - MAIN ENTRY--PERSONAL NAME
Personal name Yamaguchi, Shozo, 1882-1944.
Dates associated with a name Yamaguchi, Shozo, 1882-1944.
Linkage A31369.1
245 10 - TITLE STATEMENT
Title We Japanese :
Remainder of title being descriptions of many of the customs, manners, ceremonies, festivals, arts and crafts of the Japanese, besides numerous other subjects.
250 ## - EDITION STATEMENT
Edition statement [Combined ed.].
260 ## - PUBLICATION, DISTRIBUTION, ETC.
Place of publication, distribution, etc. Miyanoshita, Japan :
Name of publisher, distributor, etc. Fujiya Hotel,
Date of publication, distribution, etc. [1950]
500 ## - GENERAL NOTE
General note Books 1 and 2 were written for H. S. K. Yamaguchi, managing director, Fujiya Hotel, by Frederic de Garis and Atsuharu Sakai, respectively. Book 3 was written for K. M. Yamaguchi, president, Fujiya Hotel, by Atsuharu Sakai.
651 #0 - SUBJECT ADDED ENTRY--GEOGRAPHIC NAME
Geographic name Japan -- Social life and customs.
General subdivision Japan -- Social life and customs.
Linkage S6028.1
700 1# - ADDED ENTRY--PERSONAL NAME
Personal name Yamaguchi, Kenkichi, 1885-
Dates associated with a name Yamaguchi, Kenkichi, 1885-
Linkage A31370.1
700 1# - ADDED ENTRY--PERSONAL NAME
Personal name De Garis, Frederic.
Linkage A31371.1
700 1# - ADDED ENTRY--PERSONAL NAME
Personal name Sakai, Atsuharu.
Linkage A31372.1
710 2# - ADDED ENTRY--CORPORATE NAME
Corporate name or jurisdiction name as entry element Fujiya Hoteru, Miyanoshita, Japan.
Linkage A31373.1
949 ## - LOCAL PROCESSING INFORMATION (OCLC)
a DS821
w lcc
i -95108
m MAIN
t BOOK
l ON-SHELF

No items available.

© 2026 - The University of Zambia Library - Koha v25.11